000 01712cam a22004694i 4500
003 PE-LiUPU
005 20250731172937.0
008 150623s r 000 0 d
020 _a0802842364
035 _a(Sirsi) i9780802842367
040 _aPE-LiUPU
_bspa
_cPE-LiUPU
_erda
049 _aPRUA
082 0 4 _a232.94
_bT27
_221
100 1 _aTaylor, Joan E.,
_eautor.
245 1 4 _aThe immerser :
_bJohn the baptist within second temple judaism /
_cJoan E. Taylor.
264 1 _aMichigan :
_bWilliam B. Eerdmans Publishing Company,
_c1997.
300 _a360 p. :
_b23 cm.
336 _atext
_2rdacontent
337 _aunmediated
_2rdamedia
338 _avolume
_2rdacarrier
490 0 _aStudying the historical Jesus
504 _aIncluye bibliografía.
505 0 _aJohn and the Essenes. -Immersion and purity. -Teaching and predictions. -John and the pharisees. -Opposition and death. -John and Jesus. -Conclusion. -Bibliography. -Index of names. -Index of subjects. -Index of scripture and other ancient writtings.
526 _aSEG42
526 _aSEG41
526 _aSEG40
526 _aSEG39
526 _aP94
526 _aP87
526 _aP86
526 _aP85
526 _aP77
526 _aP76
526 _aP35
600 1 _aJuan BautistaSanto
942 _2ddc
_cBOOK
949 _a232.94 T27
_wDEWEY
_c1
_i44410
_lCCODEBUL1
_mBUL
_r0
_sY
_tBOOK
_u2015-6-24
_xTEOLOGIA
_PP35
_0COMPRA
_o.STAFF. Colección General
994 _aC0
_bPEPRU
596 _a1
999 _a232.94 T27
_wDEWEY
_c21291
_i44410
_f2021-11-10
_g5
_lCCODEBUL1
_mBUL
_r0
_sY
_tBOOK
_u2015-6-24
_xTEOLOGIA
_PP35
_0COMPRA
_o.STAFF. Colección General
_d21291
980 _81
_gALBERTO SANCHEZ Responsable de Automatización